Cuba en la mitad de los noventas: medidas de reforma y reinserción internacional /

Salvato in:
Dettagli Bibliografici
Autore principale: Iglesias - Caruncho, Manuel
Natura: testo
Soggetti:
Tags: Aggiungi Tag
Nessun Tag, puoi essere il primo ad aggiungerne!!

MARC

LEADER 00000 a a2200000 04500
001 18661
003
040
100 |a Iglesias - Caruncho, Manuel  
245 |a Cuba en la mitad de los noventas: medidas de reforma y reinserción internacional /  |c Manuel Iglesias - Caruncho  
650 |a ECONOMIA INTERNACIONAL  
650 |a CUBA  
773 |g número 31; páginas 88-99  
999 |c 20504  |d 20504